Normal view
MARC view
- Heritage , American
Entry Personal Name
001 - CONTROL NUMBER
- control field: 134321
003 - CONTROL NUMBER IDENTIFIER
- control field: NUST
005 - DATE AND TIME OF LATEST TRANSACTION
- control field: 20260504164046.0
008 - FIXED-LENGTH DATA ELEMENTS
- fixed length control field: 260504|| aca||aabn | a|a d
040 ## - CATALOGING SOURCE
- Original cataloging agency: NUST
- Transcribing agency: NUST
100 ## - HEADING--PERSONAL NAME
- Personal name: Heritage , American
670 ## - SOURCE DATA FOUND
- Source citation: Work cat.: (NUST): Heritage , American., The American Heritage dictionary /, 1969.
